Omofobia e società globale /
Saved in:
| Hovedforfatter: | |
|---|---|
| Format: | Bog |
| Sprog: | italiensk |
| Udgivet: |
Roma :
Albatros,
2012
|
| Serier: | Nuove voci. I saggi
|
| Fag: | |
| Tags: |
Ingen Tags, Vær først til at tagge denne postø!
|
MARC
| LEADER | 00000nam a22000007i 4500 | ||
|---|---|---|---|
| 001 | IT\ICCU\TSA\1369672 | ||
| 003 | ItRI | ||
| 005 | 20260115232112.0 | ||
| 008 | 121026s2012 it |||||| ||||| |||||c | ||
| 020 | |a 9788856758504 | ||
| 040 | |b ita |c importazione bologna sebina | ||
| 041 | 7 | |a ita |2 ISO-639-2 | |
| 082 | |a 306.766 |9 OMOSESSUALITÀ |2 23 | ||
| 100 | 1 | |a Ottaviano, Filippo, |d (1968-) |0 IT\ICCU\RT1V\032751 |4 aut | |
| 245 | 1 | 0 | |a Omofobia e società globale / |c Filippo Ottaviano. |
| 260 | |a Roma : |b Albatros, |c 2012 | ||
| 300 | |a 76 p. ; |c 21 cm. | ||
| 650 | 7 | |a Omosessuali |x Discriminazione |x Italia | |
| 830 | 0 | |a Nuove voci. I saggi |0 IT\ICCU\UBO\3389602 | |
| 942 | |2 ddc |c BK |n 0 | ||
| 952 | |0 0 |1 0 |4 0 |6 DOC_306_766000000000000_OTT |7 0 |9 20081 |a BO |b BO |d 2026-01-15 |i 16649 |l 0 |o DOC 306.766 OTT |p BO16649 |r 2026-01-15 23:21:12 |w 2026-01-15 |x [Sebina 5] [1 v.] |y BK |z 1 v. | ||
| 999 | |c 17123 |d 17123 | ||